| 000 | 00550nam a2200217Ia 4500 | ||
|---|---|---|---|
| 008 | 160803s9999 xx 000 0 und d | ||
| 020 | _a9780590430494 | ||
| 100 | _aLionni, Leo | ||
| 245 | _aSwimmy / | ||
| 245 | _cby Leo Lionni. | ||
| 260 | _aNew York : | ||
| 260 | _bScholastic Inc. | ||
| 260 | _c1963 | ||
| 300 | _a26 unnumbered pages : | ||
| 300 | _bcolor illustrations ; | ||
| 300 | _c23 cm | ||
| 500 | _aOriginally published: New York : Alfred A. Knopf, c1963. | ||
| 650 | _aFishes -- | ||
| 650 | _xFiction. | ||
| 700 | _a650 | ||
| 999 |
_c299424 _d299424 |
||